| 000 | 01391nas a2200277Ia 4500 | ||
|---|---|---|---|
| 001 | R235-R2319 | ||
| 003 | IT-CnALBA | ||
| 008 | 170116c99999999xx |||||||||||| ||und|| | ||
| 040 |
_aIT-CnALBA _cIT-CnALBA |
||
| 041 | _aITALIANO | ||
| 100 | _aGALLI ATTILIO | ||
| 210 | _aLA MADONNA | ||
| 222 | _aLA MADONNA | ||
| 245 | 0 |
_aLA MADONNA. N. V. ANNO XVI. SETTEMBRE OTTOBRE 1968. RIVISTA DI CULTURA MARIANA. _b RIVISTA DI CULTURA MARIANA |
|
| 250 | _a1a ed. | ||
| 260 |
_a ROMA _bDIVINO AMORE SCUOLA TIPOGRAFICA _c1968 |
||
| 300 | _a48 p. | ||
| 310 | _aBIMESTRALE | ||
| 362 | _aFascicolo: 5 / Anno: 16 (1968) | ||
| 500 | _aPRESENTAZIONE DELLA RIVISTA. PAROLA DEL PAPA. MADRE DI DIO E DELLA CHIESA NELL'ECONOMIA DELLA SALVEZZA. ROSARIO. VIII SETTIMANA DI STUDI MARIANI. MADONNA SEMPRE VERGINE. MARIA E IL LIBANO. FESTA DI NOSTRA SIGNORA DELLA SALETTE. INNO ALLA MADRE DI DIO. BIBLIOGRAFIA GIORGIS B. | ||
| 501 | _aSocietà San Paolo EM - Piazza San Paolo, 14 - 12051 ALBA (CN) (non commercial uses only) ® Copyright 2017 | ||
| 520 | _aPRESENTAZIONE DELLA RIVISTA. PAROLA DEL PAPA. MADRE DI DIO E DELLA CHIESA NELL'ECONOMIA DELLA SALVEZZA. ROSARIO. VIII SETTIMANA DI STUDI MARIANI. MADONNA SEMPRE VERGINE. MARIA E IL LIBANO. FESTA DI NOSTRA SIGNORA DELLA SALETTE. INNO ALLA MADRE DI DIO. BIBLIOGRAFIA GIORGIS B. | ||
| 650 | _aANGELI SANTI DEMONI | ||
| 942 | _cCR | ||
| 957 | _71 | ||
| 999 |
_a12296 _bNO _g1 _c320393 _d320393 |
||